| 000 | 01009nam a2200289 a 4500 | ||
|---|---|---|---|
| 001 | 000029455 | ||
| 005 | 20250717131055.0 | ||
| 008 | 110415s2010 dr ad 001 0 spa d | ||
| 020 | _a9789945872316 | ||
| 040 |
_aDO-SdBNP _bspa _cBNPHU |
||
| 082 |
_a291.17 _bM671i, 2010 |
||
| 100 | 1 |
_aMirabal Rosario,Yoselman Rodwin, _d1969- _940026 |
|
| 245 | 1 | 0 |
_aIntroducción a los estudios teológicos / _cYoselman Mirabal. |
| 250 | _a3ª ed. | ||
| 260 |
_aSanto Domingo : _bProducciones Mirabal, _c2010. |
||
| 300 |
_a263 p. : _bil., gráfcs., tablas ; _c22 cm. |
||
| 500 | _aIncluye datos biográficos del autor en la solapa de la cubierta. | ||
| 504 | _aBibliografía: p.257-258. | ||
| 590 | _aLa biblioteca posee 3 ejemplares autografiados por el autor. | ||
| 590 | _aInventariado, 2018/VM | ||
| 650 | 4 |
_aTeología bíblica _945616 |
|
| 650 | 0 |
_aTeología _92174 |
|
| 650 | 0 |
_aEducación religiosa _9682 |
|
| 650 | 4 |
_aEvangelización _9476 |
|
| 910 | _aValidado. Control de calidad EMS | ||
| 049 | _aBNPD | ||
| 999 |
_c28947 _d28947 |
||